00575nam a22001697a 4500003000900000005001700009008004700026040002200073100002800095245005000123260003500173300002900208490002300237500004300260500007900303830002300382DO-SdBNP20180208132700.0161110b 2000 mx a ||||| |||| 00| 0 spa d aBPMSUbspacBPMSU1 aLobel, Arnold, d1933-10aSapo y Sepo, un año entero /cArnold Lobel. aMéxico :bAlfaguara, c2000. a66 p. :bil. ; c19 cm. 1 aInfantil Alfaguara aPara niños a partir de los 6 años. aIncluye datos biográficos de la autora en la solapa de la contracubierta 0aInfantil Alfaguara